000 00541cam a2200181Ia 4500
020 _a074323149X
040 _cUKM
082 0 4 _a909 FRE 2002 A104 Or.
100 1 _aHuntington, Samuel P.
245 1 4 _aThe clash of civilizations and the remaking of world order /
260 _aNew York ;
_aLondon :
_bFree,
_c2002
300 _a368 p. :
_bmaps ;
_c20 cm
500 _aOriginally published: London: Simon & Schuster, 1997
650 0 _aInternational relations
650 0 _aPolitics and culture
650 0 _aWorld politics
942 _cEK
999 _c14466
_d14466